MARC

LEADER 00000nam0a2200000 4500
001 243396
005 20231101231951.0
010 |a 5648006926 
035 |a (RuTPU)RU\TPU\book\264739 
090 |a 243396 
100 |a 20130926d1990 m y0rusy50 ca 
101 0 |a rus 
102 |a UZ 
105 |a a z 001zy 
200 1 |a Формации юрских палеоседиментационных бассейнов Узбекистана и их нефтегазоносность  |f А. Г. Бабаев [и др.]  |g Институт геологии и разведки нефтяных и газовых месторождений 
210 |a Ташкент  |c Фан  |d 1990 
215 |a 292 с.  |c ил. 
320 |a Библиогр.: с. 275-287. 
606 1 |a Горные породы, осадочные  |x Юрский период  |2 stltpush  |3 (RuTPU)RU\TPU\subj\72678  |9 86087 
606 1 |a Нефтегазоносность  |2 stltpush  |3 (RuTPU)RU\TPU\subj\45590  |9 64783 
610 1 |a седиментационные бассейны 
610 1 |a Узбекистан 
610 1 |a мезозой 
610 1 |a палеоген 
610 1 |a неоген 
610 1 |a Узбекистан 
610 1 |a формации 
610 1 |a состав 
610 1 |a строение 
610 1 |a вертикальные ряды 
610 1 |a карбонатная формация 
610 1 |a соляно-ангидритовая формация 
610 1 |a структура 
610 1 |a нефть 
610 1 |a газ 
610 1 |a скопления 
610 1 |a месторождения 
610 1 |a открытия 
675 |a 552.5:551.76  |v 3 
675 |a 553.98(575)  |v 3 
701 1 |a Бабаев  |b А. Г. 
701 1 |a Симоненко  |b А. Н. 
701 1 |a Бабаев  |b Г. А. 
701 1 |a Юсупов  |b Р. Р. 
701 1 |a Эйдельнант  |b Н. К. 
712 0 2 |a Институт геологии и разведки нефтяных и газовых месторождений  |2 stltpush  |3 (RuTPU)RU\TPU\col\7782  |9 24383 
801 1 |a RU  |b 63413507  |c 20130926 
801 2 |a RU  |b 63413507  |c 20131003  |g RCR 
942 |c BK